000 00579nam a2200241 a 4500
001 nice12345678
003 IN_TiNIC
005 20260116013105.0
008 050524s1967 cama grp 000 0 eng
020 _a
_c195
082 0 0 _a953
_bAJA
100 _aAjami, Fouad
245 _aArab Predicament
260 _aCambridge
_bCambridge University Press
_c1967
300 _a279p
500 _aincludes index and biblioraphy
505 2 _aBibliography, Index
650 _aArab Politics
700 1 _aAjami, Fouad
902 _bSRS
942 _cBK
999 _c9617
_d9617